| 000 | 01248 a2200301 4500 | ||
|---|---|---|---|
| 001 | 24527 | ||
| 005 | 20260407155529.0 | ||
| 008 | 260407a2007 arg spa d | ||
| 003 | AR-UNSa-BCEJYS | ||
| 040 |
_aAR-UNSa-BCEJYS _bspa _cAR-UNSa-BCEJYS |
||
| 080 |
_a657.6:004 _xAuditoría en Informática |
||
| 245 | 1 | 0 |
_aInforme Nº 15, Área Auditoría _pAuditoría en Ambientes computarizados |
| 020 | _a978-987-1346-02-8 | ||
| 264 | 1 |
_aBuenos Aires : _bFACPCE (Federación Argentina de Consejos Profesionales de Ciencias Económicas) _c2007 |
|
| 300 |
_a64 p. _c22 cm. |
||
| 505 | _a1. Introducción - 2. El ambiente de riesgos y controles - 3. Actividades de auditoria de sistemas - 4. Conclusión. | ||
| 942 | _cBK | ||
| 590 | _aniveau_biblio:m niveau_hierar:0 | ||
| 100 | 1 | _aCansler, Leopoldo | |
| 700 | 1 | _aElissondo, Luis | |
| 700 | 1 | _aGodoy, Luis A. | |
| 700 | 1 | _aRivas, Ricardo | |
| 700 | 1 | _aFederación Argentina de Consejos Profesionales de Ciencias Económicas (FACPCE) | |
| 700 | 1 | _aCentro de Estudios Científicos y Técnicos (CECYT) | |
| 650 | _aInforme Nº 15 | ||
| 856 | 4 | 1 |
_uhttps://biblioeco.unsa.edu.ar/pmb/images/libros/Informe 15 area auditoria-l118593.jpg _yImagen de portada _qimage/jpeg |
| 650 | _a informe nº 15 | ||
| 999 |
_c1198 _d1198 |
||